Countries with most violent cities - Statistics

General Stats
  • This quiz has been taken 429 times
  • The average score is 7 of 10
Answer Stats
Number of cities Country % Correct
4 United States
95%
5 Mexico
92%
21 Brazil
89%
3 Colombia
80%
8 Venezuela
76%
2 Honduras
70%
1 Guatemala
64%
1 El Salvador
61%
4 South Africa
54%
1 Jamaica
27%
No matching quizzes found
Score Distribution
Percent of People with Each Score
Percentile by Number Answered
Your Score History
You have not taken this quiz